10 największych miast na Śląsku - Statystyki

Ogólne statystyki
  • Ten quiz został rozwiązany 379 razy
  • Średni wynik to 5 z 10
Statystyki odpowiedzi
Liczba ludności Miasto % Poprawnych
301 834 Katowice
98%
184 415 Gliwice
79%
177 188 Zabrze
69%
172 306 Bytom
60%
634 487 Wrocław
57%
173 103 Bielsko - Biała
53%
141 869 Ruda Śląska
47%
137 041 Rybnik
46%
297 421 Ostrawa
17%
138 512 Zielona Góra
13%
Nie znaleziono quizów pasujących do podanych kryteriów
Rozkład punktacji
Procent ludzi z każdym wynikiem
Percentyl według liczby udzielonych odpowiedzi
Twoja historia wyników
Nie rozwiązałeś tego quizu